MARC

LEADER 00000nam0a2200000 4500
001 376557
005 20231102012829.0
010 |b 7000 экз. 
035 |a (RuTPU)RU\TPU\retro\33997 
035 |a RU\TPU\book\312705 
090 |a 376557 
100 |a 20221223d1952 m y0rusy50 ca 
101 0 |a rus 
102 |a RU 
105 |a a z 001zy 
200 1 |a Конденсатное хозяйство промышленных предприятий  |f А. И. Якадин 
210 |a Москва  |a Ленинград  |c Государственное энергетическое изд-во  |d 1952 
215 |a 300 с.  |c ил. 
316 |5 63413507: М-133598  |a На титульном листе и обложке владельческая подпись: "Бутаков" 
317 |5 63413507: М-133598  |a Поступила в НТБ в 1970 г. в составе книжного собрания профессора ТПИ И. Н. Бутакова 
320 |a Приложения: с. 293-300 
606 1 |a Конденсационные установки  |2 stltpush  |3 (RuTPU)RU\TPU\subj\15331  |9 41583 
610 1 |a промышленные предприятия 
610 1 |a конденсатоотводчики 
610 1 |a конденсат 
610 1 |a очистка 
610 1 |a расчет 
610 1 |a монтаж 
610 1 |a эксплуатация 
610 1 |a владельческая надпись 
610 1 |a библиотека И. Н. Бутакова 
675 |a 621.175  |v 3 
700 1 |a Якадин  |b А. И. 
801 1 |a RU  |b 63413507  |c 20150324 
801 2 |a RU  |b 63413507  |c 20221223  |g RCR 
942 |c BK